Kỹ thuật gây nuôi một số loài đặc sản

Uloženo v:
Podrobná bibliografie
Hlavní autor: Phạm, Trang
Médium: Kniha
Jazyk:Undetermined
Vydáno: Hà Nội Nông Nghiệp 2004
Témata:
Tagy: Přidat tag
Žádné tagy, Buďte první, kdo otaguje tento záznam!
Thư viện lưu trữ: Trung tâm Học liệu Trường Đại học Cần Thơ
LEADER 00554nam a2200193Ia 4500
001 CTU_74513
008 210402s9999 xx 000 0 und d
020 |c 12000 
082 |a 639.31 
082 |b Tr106 
100 |a Phạm, Trang 
245 0 |a Kỹ thuật gây nuôi một số loài đặc sản 
245 0 |c Phạm Trang 
260 |a Hà Nội 
260 |b Nông Nghiệp 
260 |c 2004 
650 |a Freshwater fishes,Shrimps,Turtle culture 
904 |i Năm 
980 |a Trung tâm Học liệu Trường Đại học Cần Thơ